[Event "Porto Mannu Open 2009"]
[Site "Palau"]
[Date "2009.05.17"]
[Round "2.29"]
[White "Barbafiera, Luigi"]
[Black "Astengo, Corrado"]
[Result "0-1"]
[WhiteElo "1970"]
[BlackElo "2208"]
[PlyCount "62"]
[EventDate "2009.05.16"]
[EventCountry "ITA"]

1. c4 c6 2. d4 d5 3. e3 Nf6 4. Nf3 e6 5. Bd3 Nbd7 6. O-O Bd6 7. Nc3 h6 8. Re1
O-O 9. e4 dxe4 10. Nxe4 Nxe4 11. Bxe4 e5 12. Bc2 exd4 13. Qxd4 Bc5 14. Qd3 Nf6
15. Qxd8 Rxd8 16. Be3 Bb4 17. Red1 Be6 18. a3 Bd6 19. c5 Bc7 20. h3 Nd5 21. Bd4
Nf4 22. Be5 Bxe5 23. Nxe5 f6 24. Ng4 Ne2+ 25. Kh2 Nd4 26. Bg6 Nb3 27. Rab1 Bf7
28. Bc2 Nxc5 29. b4 Ne6 30. b5 cxb5 31. Be4 Nc5 0-1

[Event "Porto Mannu Open 2009"]
[Site "Palau"]
[Date "2009.05.17"]
[Round "2.30"]
[White "Zoldan, Matteo"]
[Black "Schiappacasse, Marcello"]
[Result "1-0"]
[WhiteElo "2200"]
[BlackElo "1920"]
[PlyCount "63"]
[EventDate "2009.05.16"]
[EventCountry "ITA"]

1. e4 e6 2. d4 d5 3. Nc3 Bb4 4. e5 c5 5. a3 Bxc3+ 6. bxc3 Ne7 7. h4 Nbc6 8. h5
Qa5 9. Bd2 Qa4 10. Nf3 c4 11. h6 gxh6 12. Bxh6 Nf5 13. Bg5 h5 14. g4 Nfe7 15.
Bf6 Rh6 16. Qd2 Ng8 17. Bg5 hxg4 18. Bxh6 gxf3 19. Bg5 Kd7 20. Rh7 Nce7 21.
Rxf7 Qa5 22. Rxf3 Kc6 23. Rf8 Qc7 24. Be2 Rb8 25. Rf7 Qd8 26. Qf4 Bd7 27. Kd2
Ng6 28. Bxd8 Nxf4 29. Rxf4 Rxd8 30. Rh1 Ne7 31. Rh6 Nf5 32. Rxf5 1-0

[Event "Porto Mannu Open 2009"]
[Site "Palau"]
[Date "2009.05.18"]
[Round "3.10"]
[White "Schaefer, Michael"]
[Black "Skembris, Spyridon"]
[Result "0-1"]
[WhiteElo "2172"]
[BlackElo "2434"]
[PlyCount "132"]
[EventDate "2009.05.16"]

1. Nf3 Nf6 2. g3 c5 3. Bg2 d5 4. O-O g6 5. c4 d4 6. b4 cxb4 7. d3 Nc6 8. a3
bxa3 9. Bxa3 Bg7 10. Nbd2 O-O 11. Qa4 Re8 12. Rfb1 Qc7 13. Ng5 Bd7 14. Nb3 b6
15. Bb2 h6 16. Ne4 Nxe4 17. Bxe4 a6 18. Nd2 Ra7 19. Qb3 Rb8 20. Ba3 e6 21. Bg2
f5 22. Bc1 Kh7 23. Ra2 a5 24. Ba3 Ne5 25. Bb2 Nc6 26. Ba3 Nd8 27. Be7 a4 28.
Qa3 Nf7 29. Rab2 Bc6 30. Bxc6 Qxc6 31. f4 Rbb7 32. Bb4 e5 33. Nf3 exf4 34. gxf4
g5 35. Bd2 g4 36. Nh4 Qf6 37. Be1 Nd6 38. Ng2 Nc8 39. Rb5 Bf8 40. Qa1 Bc5 41.
R5b2 Qe6 42. Kf1 a3 43. Ra2 Ra4 44. Bf2 Rd7 45. Rb3 Qd6 46. Qd1 Qc6 47. Kg1 Ne7
48. Be1 Ng6 49. Rb5 Ra6 50. Bb4 Bxb4 51. Rxb4 Qd6 52. Qd2 Ra5 53. Rb3 h5 54.
Qc1 Rda7 55. e3 h4 56. Qe1 h3 57. Nh4 Re7 58. Nxg6 Kxg6 59. e4 fxe4 60. dxe4
Qxf4 61. Rxb6+ Kg7 62. Rf2 Qg5 63. Qd1 a2 64. Rf5 Qe3+ 65. Kf1 Rxf5+ 66. exf5
Qf3+ 0-1

[Event "Porto Mannu Open 2009"]
[Site "Palau"]
[Date "2009.05.18"]
[Round "3.13"]
[White "Pelletier, Yannick"]
[Black "Fragni, Enrico"]
[Result "1-0"]
[WhiteElo "2559"]
[BlackElo "1751"]
[PlyCount "83"]
[EventDate "2009.05.16"]

1. e4 c6 2. d4 d6 3. c4 Qc7 4. Nc3 e5 5. Nf3 Bg4 6. Be2 Be7 7. Be3 Nd7 8. O-O
h6 9. Qd2 g5 10. Ne1 Ngf6 11. Nc2 a5 12. Kh1 Bh5 13. Bxh5 Nxh5 14. f3 Nb6 15.
b3 O-O 16. Bf2 Bf6 17. d5 Rfd8 18. Ne3 Kh7 19. Rac1 Nd7 20. Rfd1 c5 21. Nb5 Qb8
22. a3 Ng7 23. Rb1 Be7 24. Be1 b6 25. g3 Qb7 26. Qd3 Kh8 27. Bc3 f6 28. Rd2 Nf8
29. Qf1 Qd7 30. Ra1 Ra6 31. f4 Ng6 32. Rf2 gxf4 33. gxf4 Nxf4 34. Rxf4 exf4 35.
Qxf4 Kh7 36. Ng4 Rf8 37. Qxh6+ Kg8 38. Rg1 Bd8 39. Qg6 Rf7 40. Nh6+ Kf8 41. Qh7
Ra8 42. Qh8+ 1-0

[Event "Porto Mannu Open 2009"]
[Site "Palau"]
[Date "2009.05.18"]
[Round "3.16"]
[White "Astengo, Corrado"]
[Black "Naumkin, Igor"]
[Result "0-1"]
[WhiteElo "2208"]
[BlackElo "2488"]
[PlyCount "64"]
[EventDate "2009.05.16"]

1. e4 e6 2. d3 d5 3. Nd2 c5 4. g3 Nc6 5. Bg2 g6 6. Ngf3 Bg7 7. O-O Nge7 8. Re1
h6 9. c3 b6 10. Nf1 a5 11. exd5 Nxd5 12. Ne3 Bb7 13. Nxd5 Qxd5 14. Ne5 Qxg2+
15. Kxg2 Nxe5+ 16. Kf1 Rd8 17. Rxe5 Bxe5 18. Qa4+ Ke7 19. Bf4 Bxf4 20. Qxf4
Rxd3 21. Qc7+ Rd7 22. Qxb6 Rc8 23. Qxa5 Bf3 24. Re1 g5 25. h3 h5 26. g4 hxg4
27. Kg1 Kf6 28. c4 Rh8 29. Qc3+ Rd4 30. Re3 Rxh3 31. Rxf3+ gxf3 32. a4 e5 0-1

[Event "Porto Mannu Open 2009"]
[Site "Palau"]
[Date "2009.05.18"]
[Round "3.17"]
[White "Thorfinnsson, Bjorn"]
[Black "Zoldan, Matteo"]
[Result "1-0"]
[WhiteElo "2422"]
[BlackElo "2200"]
[PlyCount "73"]
[EventDate "2009.05.16"]

1. d4 Nf6 2. c4 g6 3. Nc3 Bg7 4. e4 d6 5. f3 O-O 6. Nge2 c5 7. Be3 Qa5 8. Qd2
Nc6 9. d5 Ne5 10. Nc1 a6 11. f4 Neg4 12. Bg1 b5 13. Nb3 Qb4 14. h3 bxc4 15.
hxg4 cxb3 16. a3 Qa5 17. g5 Nh5 18. Rh4 Rb8 19. Rc1 f6 20. Be2 fxg5 21. fxg5
Be5 22. Bh2 Bxh2 23. Rxh2 Ng3 24. Bc4 Bd7 25. Qe3 Nh5 26. Be2 Nf4 27. Bf1 Bb5
28. g3 Nxd5 29. exd5 Rxf1+ 30. Kd2 Rf7 31. Qe6 Rbf8 32. Rch1 Kh8 33. Qxg6 Rf2+
34. Rxf2 Rxf2+ 35. Ke3 Qxc3+ 36. bxc3 Re2+ 37. Kf3 1-0

[Event "Porto Mannu Open 2009"]
[Site "Palau"]
[Date "2009.05.18"]
[Round "3.19"]
[White "Mastroddi, Emiliano"]
[Black "Miedema, Roi"]
[Result "0-1"]
[WhiteElo "2074"]
[BlackElo "2370"]
[PlyCount "76"]
[EventDate "2009.05.16"]

1. e4 e6 2. d4 d5 3. Nc3 Bb4 4. e5 Ne7 5. a3 Bxc3+ 6. bxc3 c5 7. Qg4 O-O 8. Bd3
Nbc6 9. Qh5 Ng6 10. Be3 Qa5 11. Bd2 c4 12. Bxg6 fxg6 13. Qd1 Bd7 14. h4 Be8 15.
Ne2 b5 16. Ng3 h6 17. Qg4 Nd8 18. f4 Qc7 19. Ke2 a5 20. h5 Qf7 21. Rab1 Rb8 22.
a4 b4 23. cxb4 Nc6 24. b5 Nxd4+ 25. Kd1 gxh5 26. Nxh5 Qg6 27. Qxg6 Bxg6 28. Rb2
Rbc8 29. Bxa5 Ra8 30. Bc3 Rxa4 31. Kd2 Nf5 32. g4 Ne7 33. Bb4 d4 34. c3 Nd5 35.
Rc1 Rxb4 36. Rxb4 dxc3+ 37. Rxc3 Nxb4 38. Rxc4 Nd5 0-1

[Event "Porto Mannu Open 2009"]
[Site "Palau"]
[Date "2009.05.18"]
[Round "3.21"]
[White "Slavin, Alexei"]
[Black "Diotallevi, Maurizio"]
[Result "1-0"]
[WhiteElo "2308"]
[BlackElo "2093"]
[PlyCount "37"]
[EventDate "2009.05.16"]

1. d4 d5 2. Nf3 Nf6 3. Bf4 e6 4. e3 c5 5. c3 Nc6 6. Nbd2 Be7 7. Bd3 O-O 8. Ne5
Bd6 9. Qf3 Ne7 10. Qg3 c4 11. Bc2 Nf5 12. Qh3 g6 13. g4 Ng7 14. Qh6 Bxe5 15.
Bxe5 Nfe8 16. h4 f6 17. h5 fxe5 18. hxg6 Nf6 19. dxe5 1-0

[Event "Porto Mannu Open 2009"]
[Site "Palau"]
[Date "2009.05.18"]
[Round "3.23"]
[White "Venturino, Federico"]
[Black "Drei, Andrea"]
[Result "0-1"]
[WhiteElo "1877"]
[BlackElo "2278"]
[PlyCount "68"]
[EventDate "2009.05.16"]

1. d4 Nf6 2. Nf3 e6 3. c4 Bb4+ 4. Bd2 c5 5. Bxb4 cxb4 6. e3 O-O 7. Bd3 d6 8.
O-O Re8 9. a3 e5 10. dxe5 dxe5 11. Nxe5 Qc7 12. Nf3 Nc6 13. Nbd2 b6 14. Qc2 Bb7
15. c5 bxc5 16. Qxc5 Rad8 17. Bb5 Rd5 18. Qc4 Qb6 19. Bxc6 Bxc6 20. Nd4 Bb5 21.
Nxb5 Rxb5 22. Nf3 Nd5 23. Nd4 Rc5 24. Qxb4 Qc7 25. Rfd1 Rb8 26. Qa4 h6 27. b4
Nc3 28. Qc2 Re5 29. Re1 Rbe8 30. Qd2 Ne4 31. Qd3 Qe7 32. Nf5 Qf6 33. Ng3 Qxf2+
34. Kh1 Qxe1+ 0-1

[Event "Porto Mannu Open 2009"]
[Site "Palau"]
[Date "2009.05.18"]
[Round "3.27"]
[White "Friedrich, Norbert"]
[Black "Nardone, Massimo"]
[Result "1-0"]
[WhiteElo "2350"]
[BlackElo "1926"]
[PlyCount "43"]
[EventDate "2009.05.16"]

1. e4 b6 2. d4 Bb7 3. Bd3 e6 4. Ne2 c5 5. c3 Nf6 6. Nd2 Nc6 7. O-O Be7 8. a3 d6
9. b4 a6 10. Rb1 cxd4 11. cxd4 b5 12. Bb2 O-O 13. Nb3 Qb6 14. Ng3 a5 15. bxa5
Nxa5 16. Nxa5 Qxa5 17. d5 exd5 18. Nf5 Qc7 19. exd5 Bxd5 20. Nxe7+ Qxe7 21.
Bxf6 Qxf6 22. Qh5 1-0

[Event "Porto Mannu Open 2009"]
[Site "Palau"]
[Date "2009.05.18"]
[Round "3.28"]
[White "Rodriguez Lopez, Rafael"]
[Black "Bitalzadeh, Ali"]
[Result "0-1"]
[WhiteElo "2299"]
[BlackElo "2417"]
[PlyCount "80"]
[EventDate "2009.05.16"]

1. d4 Nf6 2. Nf3 g6 3. c4 Bg7 4. g3 O-O 5. Bg2 d6 6. O-O Nbd7 7. Nc3 e5 8. e4
exd4 9. Nxd4 Re8 10. b3 Nc5 11. f3 a5 12. Bg5 Be6 13. Qd2 Nfxe4 14. Nxe4 Nxe4
15. fxe4 Bxd4+ 16. Kh1 f6 17. Qxd4 fxg5 18. Rad1 Qc8 19. e5 dxe5 20. Qxe5 Bxc4
21. Qf6 Ra6 22. Qc3 Bxf1 23. Bd5+ Rae6 24. Rxf1 c6 25. Bxe6+ Qxe6 26. Qxa5 Qe4+
27. Kg1 Qe3+ 28. Kh1 Kg7 29. Qb4 Re7 30. Qg4 Qd3 31. Qd1 Qxd1 32. Rxd1 Kf6 33.
Rd2 Ke5 34. Kg2 Rf7 35. g4 Ke4 36. a4 Ke3 37. Rc2 Rd7 38. Rc4 Rd4 39. Rc3+ Kd2
40. Rg3 Rd3 0-1

[Event "Porto Mannu Open 2009"]
[Site "Palau"]
[Date "2009.05.18"]
[Round "3.29"]
[White "Kraemer, Stefan"]
[Black "Gohil, Harry"]
[Result "0-1"]
[WhiteElo "2278"]
[BlackElo "2334"]
[PlyCount "84"]
[EventDate "2009.05.16"]

1. e4 c5 2. Nf3 Nc6 3. d4 cxd4 4. Nxd4 e5 5. Nb5 d6 6. N1c3 a6 7. Na3 b5 8. Nd5
Nf6 9. Bg5 Be7 10. Bxf6 Bxf6 11. c4 Bg5 12. Nc2 O-O 13. cxb5 axb5 14. Be2 g6
15. O-O Rb8 16. Qd3 Be6 17. Rfd1 Qd7 18. Ndb4 Nxb4 19. Nxb4 Rfc8 20. Nd5 Bxd5
21. Qxd5 Rc2 22. Bd3 Rc5 23. Qb3 Rbc8 24. Bf1 Qa7 25. Bd3 Kg7 26. Re1 Bd2 27.
Red1 Bg5 28. Re1 Qd7 29. a4 bxa4 30. Qxa4 Qe6 31. Rad1 Rb8 32. b4 Rc3 33. Bf1
Bd8 34. Rc1 Qc8 35. Rcd1 Bb6 36. Re2 Bd4 37. Rdd2 Ra8 38. Qd1 Rc1 39. Rxd4 exd4
40. Qxd4+ Kg8 41. f4 Raa1 42. Rf2 Qa6 0-1

[Event "Porto Mannu Open 2009"]
[Site "Palau"]
[Date "2009.05.18"]
[Round "3.45"]
[White "Caglio, Luigi"]
[Black "Mircoli, Filippo"]
[Result "1-0"]
[WhiteElo "1961"]
[BlackElo "1818"]
[PlyCount "51"]
[EventDate "2009.05.16"]

1. e4 c5 2. Nf3 e6 3. b4 Nc6 4. bxc5 Bxc5 5. d4 Be7 6. Bd3 d6 7. O-O Nf6 8. c3
O-O 9. Qe2 a6 10. Nbd2 b5 11. a4 b4 12. e5 dxe5 13. dxe5 Nd5 14. Qe4 g6 15. c4
f5 16. exf6 Bxf6 17. cxd5 exd5 18. Bc4 Bxa1 19. Bxd5+ Kg7 20. Bxc6 Ra7 21. Nb3
Bf5 22. Qe3 Bc3 23. Nbd4 Qd6 24. Qh6+ Kg8 25. Bf4 Qf6 26. Bd5+ 1-0

[Event "Porto Mannu Open 2009"]
[Site "Palau"]
[Date "2009.05.18"]
[Round "3.11"]
[White "Byron, Alan"]
[Black "Paglietti, Nicola"]
[Result "0-1"]
[WhiteElo "2168"]
[BlackElo "2269"]
[PlyCount "72"]
[EventDate "2009.05.16"]

1. c4 Nf6 2. Nc3 d5 3. cxd5 Nxd5 4. g3 c5 5. Bg2 Nc7 6. d3 g6 7. Be3 Ne6 8. h4
Bg7 9. h5 Qb6 10. Qd2 Nc6 11. hxg6 hxg6 12. Rxh8+ Bxh8 13. Nh3 Ncd4 14. Nd5 Qd6
15. Rc1 Bd7 16. Ng5 Bc6 17. Nxe6 Nxe6 18. Nf4 Bxg2 19. Nxg2 Qd5 20. Kf1 Qxa2
21. Bxc5 Qxb2 22. Qd1 Qb5 23. Be3 a5 24. Rb1 Qd7 25. Bc1 b5 26. Ne3 b4 27. Nc4
Qb5 28. Bb2 Bxb2 29. Rxb2 a4 30. Qb1 b3 31. Na3 Qb4 32. Qa1 Rc8 33. Nc4 Nd4 34.
Qc1 Qb7 35. Kg1 a3 36. Qe3 Rxc4 0-1

[Event "Porto Mannu Open 2009"]
[Site "Palau"]
[Date "2009.05.18"]
[Round "3.12"]
[White "Bernardi, Ruben"]
[Black "Hein, Erwin"]
[Result "1/2-1/2"]
[WhiteElo "2143"]
[BlackElo "2180"]
[PlyCount "79"]
[EventDate "2009.05.16"]

1. e4 c5 2. Na3 Nc6 3. Bb5 Nf6 4. d3 Qc7 5. Nf3 d6 6. O-O Bg4 7. h3 Bxf3 8.
Qxf3 a6 9. Bxc6+ Qxc6 10. c3 g6 11. Bg5 Bg7 12. Rae1 O-O 13. Qe3 b5 14. Nc2 e5
15. Qf3 Nd7 16. Ne3 f6 17. Nd5 Rf7 18. Bc1 Nb6 19. c4 Nxd5 20. cxd5 Qd7 21. Qe2
f5 22. f4 Raf8 23. fxe5 Bxe5 24. Bh6 Re8 25. Kh1 Bg3 26. Rc1 fxe4 27. Rxf7 Qxf7
28. dxe4 Qe7 29. Rf1 Be5 30. b3 Bg7 31. Bf4 Rf8 32. Rf3 Be5 33. Bxe5 Qxe5 34.
Rxf8+ Kxf8 35. Qg4 Kg7 36. Qd7+ Kh6 37. Qf7 Qa1+ 38. Kh2 Qe5+ 39. Kh1 Qa1+ 40.
Kh2 1/2-1/2

[Event "Porto Mannu Open 2009"]
[Site "Palau"]
[Date "2009.05.18"]
[Round "3.14"]
[White "Sprotte, Norbert"]
[Black "Cmilyte, Viktorija"]
[Result "0-1"]
[WhiteElo "2217"]
[BlackElo "2498"]
[PlyCount "74"]
[EventDate "2009.05.16"]

1. d4 f5 2. g3 Nf6 3. Bg2 g6 4. Nh3 Bg7 5. Nf4 d6 6. d5 c6 7. Nc3 e5 8. dxe6
Na6 9. h4 Nc5 10. h5 g5 11. h6 Bf8 12. Nh5 Nxh5 13. Rxh5 Rg8 14. e4 f4 15. gxf4
gxf4 16. Rxc5 dxc5 17. Qh5+ Rg6 18. Bh3 Qg5 19. Qxg5 Rxg5 20. Bxf4 Rg1+ 21. Bf1
Bxe6 22. O-O-O Rd8 23. Bd3 Rg4 24. Be3 c4 25. Be2 Rxd1+ 26. Kxd1 Rh4 27. Kd2 b5
28. f4 Bg4 29. Bxg4 Rxg4 30. e5 Rg2+ 31. Kd1 Bxh6 32. Ne4 Ke7 33. Nf6 Ke6 34.
Nxh7 Kf5 35. Nf6 a5 36. Ne8 Bxf4 37. Bxf4 Kxf4 0-1

[Event "Porto Mannu Open 2009"]
[Site "Palau"]
[Date "2009.05.18"]
[Round "3.15"]
[White "Grandelius, Nils"]
[Black "Shytaj, Carlo"]
[Result "1-0"]
[WhiteElo "2491"]
[BlackElo "2212"]
[PlyCount "49"]
[EventDate "2009.05.16"]

1. e4 g6 2. d4 Bg7 3. Nf3 c6 4. c4 d6 5. Be3 Nf6 6. Nc3 O-O 7. Be2 a6 8. O-O b5
9. a3 Bg4 10. cxb5 axb5 11. Rc1 Nbd7 12. h3 Bxf3 13. Bxf3 Rc8 14. Qd2 e5 15. d5
Nc5 16. Qd1 Ne8 17. b4 Nd7 18. a4 Rb8 19. axb5 cxb5 20. Be2 Nc7 21. Ra1 Nb6 22.
Ra5 Qd7 23. Nxb5 Nbxd5 24. exd5 Nxb5 25. Qa4 1-0

[Event "Porto Mannu Open 2009"]
[Site "Palau"]
[Date "2009.05.18"]
[Round "3.18"]
[White "Pospisil, Evzen"]
[Black "Loeffler, Stefan"]
[Result "0-1"]
[WhiteElo "2145"]
[BlackElo "2412"]
[PlyCount "64"]
[EventDate "2009.05.16"]

1. d4 d5 2. Bf4 c5 3. e3 Nc6 4. c3 Nf6 5. Nd2 Bf5 6. Qb3 Qc8 7. h3 e6 8. Ngf3
h6 9. Ne5 c4 10. Qa4 a6 11. Nxc6 b5 12. Qa5 Qxc6 13. a4 b4 14. cxb4 Qb7 15. Qc7
Qxc7 16. Bxc7 Bxb4 17. f3 Ke7 18. Rc1 Rhc8 19. Be5 Rc6 20. g4 Bg6 21. Kd1 Bxd2
22. Kxd2 Rb6 23. e4 Rxb2+ 24. Ke3 Rb3+ 25. Kf4 Bxe4 26. Bg2 g5+ 27. Kg3 Nd7 28.
Kh2 Bxf3 29. Rhf1 Bxg2 30. Kxg2 Nxe5 31. dxe5 Rab8 32. Rf6 Rb2+ 0-1

[Event "Porto Mannu Open 2009"]
[Site "Palau"]
[Date "2009.05.18"]
[Round "3.20"]
[White "Neri, Enzo"]
[Black "Glienke, Manfred"]
[Result "1/2-1/2"]
[WhiteElo "2056"]
[BlackElo "2318"]
[PlyCount "43"]
[EventDate "2009.05.16"]

1. d4 d5 2. c4 e6 3. Nc3 Be7 4. Bf4 Nf6 5. e3 O-O 6. Nf3 c5 7. dxc5 Bxc5 8. a3
a6 9. cxd5 Nxd5 10. Nxd5 exd5 11. Bd3 Be7 12. O-O Nc6 13. Ne5 Nxe5 14. Bxe5 Be6
15. Rc1 Bf6 16. Bxf6 Qxf6 17. Qd2 Bd7 18. Rfd1 Bc6 19. Be2 Rad8 20. Qd4 Qxd4
21. Rxd4 Rd6 22. Bf3 1/2-1/2

[Event "Porto Mannu Open 2009"]
[Site "Palau"]
[Date "2009.05.18"]
[Round "3.22"]
[White "Buratti, Marco"]
[Black "Gretarsson, Hjorvar Stein"]
[Result "0-1"]
[WhiteElo "2037"]
[BlackElo "2287"]
[PlyCount "62"]
[EventDate "2009.05.16"]

1. e4 c5 2. Nc3 a6 3. a4 e6 4. Bc4 Nf6 5. e5 d5 6. exf6 dxc4 7. Qe2 gxf6 8.
Qxc4 Rg8 9. Nge2 Nc6 10. Nd1 f5 11. Ra3 Rg4 12. Qc3 Nd4 13. Ne3 Nxe2 14. Kxe2
Rd4 15. Re1 Be7 16. Kf1 Bd7 17. a5 Bc6 18. Kg1 h5 19. h3 f4 20. Nf1 Qd5 21. f3
O-O-O 22. Ra1 Rg8 23. Nh2 Qg5 24. Re2 Bf6 25. Qb3 Rb4 26. Qa2 Qg3 27. c3 Qxh3
28. Kh1 Bxf3 29. gxf3 Qg3 30. Ng4 Qxf3+ 31. Rg2 Rxg4 0-1

[Event "Porto Mannu Open 2009"]
[Site "Palau"]
[Date "2009.05.18"]
[Round "3.24"]
[White "Cori, T. Deysi"]
[Black "Brown, Thomas"]
[Result "1-0"]
[WhiteElo "2262"]
[BlackElo "2053"]
[PlyCount "43"]
[EventDate "2009.05.16"]

1. d4 d5 2. Nf3 Nf6 3. c4 e6 4. g3 c5 5. cxd5 exd5 6. Bg2 Nc6 7. Nc3 Be7 8. O-O
O-O 9. Bg5 c4 10. Ne5 Be6 11. Re1 Qa5 12. Qd2 Rfd8 13. Rad1 h6 14. Bxf6 Bxf6
15. Nxc6 bxc6 16. e4 Rab8 17. Nxd5 Qxa2 18. Nxf6+ gxf6 19. Qxh6 Qxb2 20. Qxf6
c3 21. Qg5+ Kf8 22. d5 1-0

[Event "Porto Mannu Open 2009"]
[Site "Palau"]
[Date "2009.05.18"]
[Round "3.25"]
[White "Neubauer, Kai"]
[Black "Lapicki, Raul"]
[Result "0-1"]
[WhiteElo "2020"]
[BlackElo "2254"]
[PlyCount "46"]
[EventDate "2009.05.16"]

1. d4 Nf6 2. c4 g6 3. Nc3 Bg7 4. e4 d6 5. Nf3 O-O 6. Be2 e5 7. O-O Nc6 8. d5
Ne7 9. Ne1 Nd7 10. f3 f5 11. Be3 f4 12. Bf2 g5 13. Nd3 Rf6 14. c5 a6 15. b4 Rh6
16. a4 Qe8 17. Kh1 Nf6 18. Bg1 Nh5 19. Bf2 Ng3+ 20. Bxg3 fxg3 21. Kg1 Rxh2 22.
f4 exf4 23. e5 Qg6 0-1

[Event "Porto Mannu Open 2009"]
[Site "Palau"]
[Date "2009.05.18"]
[Round "3.30"]
[White "Van Eijk, Sander"]
[Black "Stromboli, Ettore"]
[Result "1/2-1/2"]
[WhiteElo "2319"]
[BlackElo "2301"]
[PlyCount "225"]
[EventDate "2009.05.16"]

1. e4 e6 2. d4 d5 3. Nd2 c5 4. Ngf3 Nc6 5. exd5 exd5 6. Bb5 Bd6 7. dxc5 Bxc5 8.
O-O Nge7 9. Nb3 Bd6 10. Re1 O-O 11. Bd3 Bf5 12. c3 h6 13. Be3 Qd7 14. Bc5 Rfe8
15. Bxd6 Qxd6 16. Nfd4 Bxd3 17. Qxd3 Ne5 18. Qg3 N7c6 19. Qxg7+ Kxg7 20. Nf5+
Kf6 21. Nxd6 Re7 22. Red1 Ke6 23. Nb5 Rd8 24. N5d4+ Kf6 25. Nc5 Nxd4 26. Rxd4
Nc6 27. Rd2 d4 28. cxd4 Rxd4 29. Rxd4 Nxd4 30. Kf1 Rc7 31. Ne4+ Kf5 32. Nc3 Ne6
33. Rd1 Kg6 34. g3 a6 35. Rd6 Kg7 36. Kg2 Rc8 37. h3 Nc5 38. Rb6 Rd8 39. Kf3
Rd4 40. Ke3 Rd3+ 41. Ke2 Rd7 42. b4 Nd3 43. b5 a5 44. Ne4 Nc1+ 45. Kf3 Nxa2 46.
Nc5 Rd5 47. Nxb7 a4 48. Ra6 Rxb5 49. Rxa4 Rxb7 50. Rxa2 Rb4 51. Re2 Ra4 52. Re4
Ra3+ 53. Kg4 Kg6 54. Rb4 Ra5 55. Rb6+ f6 56. f4 Rc5 57. Ra6 Rb5 58. Ra8 Rb4 59.
Ra5 Re4 60. h4 Re7 61. Rd5 Rb7 62. Rc5 Ra7 63. Rb5 Re7 64. h5+ Kf7 65. Kf5 Ra7
66. Rc5 Rb7 67. Ke4 Re7+ 68. Kf5 Rb7 69. Ra5 Rc7 70. Ke4 Re7+ 71. Kd5 Rd7+ 72.
Ke4 Re7+ 73. Kf3 Rb7 74. g4 Rb3+ 75. Ke4 Rb4+ 76. Kf5 Rb7 77. Rc5 Ra7 78. Rb5
Rc7 79. Ke4 Rc4+ 80. Kd3 Ra4 81. Rb7+ Kg8 82. Rd7 Rb4 83. Rd4 Rb7 84. Ke4 Kf7
85. Kd5 Rb1 86. Ke4 Rb7 87. Rc4 Rd7 88. Rc6 Ra7 89. Kd5 Rd7+ 90. Rd6 Rc7 91. f5
Ke7 92. Re6+ Kf7 93. Ra6 Rd7+ 94. Kc6 Rd4 95. Ra7+ Kg8 96. Rd7 Rxg4 97. Kd6 Re4
98. Re7 Ra4 99. Rd7 Re4 100. Rc7 Re1 101. Rc2 Kf7 102. Rc7+ Kg8 103. Re7 Ra1
104. Rb7 Re1 105. Rc7 Re2 106. Re7 Ra2 107. Ke6 Ra6+ 108. Kd5 Ra5+ 109. Ke4
Ra4+ 110. Kf3 Rh4 111. Ra7 Rxh5 112. Ke4 Rh1 113. Ra8+ 1/2-1/2

[Event "Porto Mannu Open 2009"]
[Site "Palau"]
[Date "2009.05.18"]
[Round "3.1"]
[White "Lemos, D. (GM)."]
[Black "Conquest, S. (GM)."]
[Result "1/2-1/2"]
[WhiteElo "2512"]
[BlackElo "2549"]
[PlyCount "43"]
[EventDate "2009.05.16"]

1. d4 d5 2. c4 c6 3. Nf3 e6 4. e3 Nf6 5. Nc3 Nbd7 6. Qc2 Bd6 7. b3 O-O 8. Be2
b6 9. O-O Bb7 10. Bb2 Re8 11. Rad1 c5 12. cxd5 exd5 13. Rfe1 Rc8 14. Qb1 a6 15.
Bf1 b5 16. dxc5 Nxc5 17. h3 Ne6 18. Rc1 Bb4 19. a3 Bf8 20. Red1 Qb6 21. Qf5 h6
22. Qb1 1/2-1/2

[Event "Porto Mannu Open 2009"]
[Site "Palau"]
[Date "2009.05.18"]
[Round "3.3"]
[White "Dewenter, U."]
[Black "Hillarp Persson, T. (GM)."]
[Result "0-1"]
[WhiteElo "2181"]
[BlackElo "2618"]
[PlyCount "74"]
[EventDate "2009.05.16"]

1. f4 c5 2. Nf3 g6 3. e4 Bg7 4. Nc3 Nc6 5. Bb5 d6 6. O-O a6 7. Bxc6+ bxc6 8. d3
Nh6 9. Bd2 f6 10. Qe2 Nf7 11. Kh1 O-O 12. Rae1 e5 13. fxe5 fxe5 14. Be3 Be6 15.
b3 h6 16. Na4 g5 17. c3 Nh8 18. Ng1 Ng6 19. Rxf8+ Qxf8 20. g3 Qe7 21. Rf1 Nf8
22. c4 Bf7 23. Nc3 Ne6 24. Kg2 Qe8 25. Qf2 Bg6 26. Bd2 Nd4 27. Nge2 Qe6 28.
Nxd4 cxd4 29. Nd1 d5 30. Qe2 a5 31. Nf2 a4 32. cxd5 cxd5 33. b4 dxe4 34. Nxe4
Qxa2 35. Nf6+ Kh8 36. Rf2 Qe6 37. Nh5 Qd5+ 0-1

[Event "Porto Mannu Open 2009"]
[Site "Palau"]
[Date "2009.05.18"]
[Round "3.4"]
[White "Malakhatko, V. (GM)."]
[Black "Piscopo, P. (IM)."]
[Result "1/2-1/2"]
[WhiteElo "2618"]
[BlackElo "2405"]
[PlyCount "56"]
[EventDate "2009.05.16"]

1. d4 Nf6 2. c4 c5 3. d5 e6 4. Nc3 exd5 5. cxd5 d6 6. e4 g6 7. h3 Bg7 8. Nf3 a6
9. a4 Nbd7 10. Bd3 Nh5 11. Bg5 Bf6 12. Be3 O-O 13. O-O Re8 14. Qd2 Rb8 15. Rab1
Qa5 16. Rfc1 Bg7 17. Qc2 Ne5 18. Be2 Nxf3+ 19. Bxf3 Nf6 20. Bf4 Qc7 21. b4 Nd7
22. Ne2 b6 23. Qa2 Ne5 24. a5 b5 25. bxc5 dxc5 26. Qd2 Bf8 27. Bg4 Bxg4 28.
hxg4 Bd6 1/2-1/2

[Event "Porto Mannu Open 2009"]
[Site "Palau"]
[Date "2009.05.18"]
[Round "3.5"]
[White "De Florio, F."]
[Black "Korneev, O. (GM)."]
[Result "0-1"]
[WhiteElo "2132"]
[BlackElo "2587"]
[PlyCount "138"]
[EventDate "2009.05.16"]

1. d4 d5 2. Nf3 Nf6 3. e3 c5 4. c3 e6 5. Bd3 Nc6 6. Nbd2 Be7 7. O-O b6 8. Qe2
Bb7 9. Rd1 O-O 10. dxc5 bxc5 11. e4 Qc7 12. exd5 exd5 13. Nf1 Rfe8 14. Ng3 c4
15. Bf5 g6 16. Bh3 Bc5 17. Qc2 Ne4 18. Nxe4 dxe4 19. Nd4 Ne5 20. Be3 Nd3 21. b3
Bc8 22. Bxc8 Raxc8 23. bxc4 Bd6 24. g3 Qxc4 25. Qb3 a6 26. Qxc4 Rxc4 27. Ne2
Bc5 28. Bxc5 Rxc5 29. Rab1 Re7 30. Rd2 Kg7 31. Rc2 f5 32. Rb6 Rd7 33. Rd2 a5
34. Kf1 Kf7 35. h4 Rdc7 36. Rd1 Ne5 37. Rd8 Rd7 38. Rxd7+ Nxd7 39. Rb7 Ke6 40.
Nd4+ Kd6 41. Ke1 h5 42. Kd2 Ne5 43. Rg7 Kd5 44. Ne2 Rc6 45. Ra7 Rc5 46. Ra6 Kc4
47. Nd4 Nf3+ 48. Nxf3 exf3 49. Ke3 Kxc3 50. Rxg6 Kb2 51. Kxf3 Kxa2 52. Ra6 Kb3
53. Kf4 a4 54. Kg5 f4+ 55. Kxf4 a3 56. Rb6+ Ka4 57. Rb1 a2 58. Ra1 Kb3 59. f3
Kb2 60. Rxa2+ Kxa2 61. g4 Kb3 62. gxh5 Rxh5 63. Kg4 Rh8 64. h5 Kc4 65. Kg5 Kd5
66. Kg6 Ke6 67. h6 Rg8+ 68. Kh5 Kf7 69. h7 Ra8 0-1

[Event "Porto Mannu Open 2009"]
[Site "Palau"]
[Date "2009.05.18"]
[Round "3.6"]
[White "Jussupow, A. (GM)."]
[Black "Stromboli, C."]
[Result "1/2-1/2"]
[WhiteElo "2576"]
[BlackElo "2283"]
[PlyCount "117"]
[EventDate "2009.05.16"]

1. d4 Nf6 2. c4 e6 3. Nc3 Bb4 4. e3 b6 5. Nge2 c5 6. a3 Ba5 7. Rb1 Na6 8. Bd2
Bxc3 9. Nxc3 d6 10. Qf3 Nc7 11. Bd3 Ba6 12. Rd1 Qe7 13. O-O O-O 14. Rfe1 d5 15.
b3 Rfd8 16. Bc1 Rac8 17. Bb2 Nce8 18. dxc5 dxc4 19. bxc4 Qxc5 20. Ne4 Qh5 21.
Qxh5 Nxh5 22. Bf1 Nhf6 23. Rxd8 Rxd8 24. Nc3 Rd2 25. Rb1 Nd6 26. Nb5 Nfe4 27.
f3 Nc5 28. Bd4 Bxb5 29. cxb5 Nf5 30. Bxc5 bxc5 31. e4 Nd4 32. Rc1 Nb3 33. Rc3
Rb2 34. Bc4 Na5 35. Bd3 Nb3 36. Rc4 g6 37. Ra4 Nd4 38. Rxa7 Nxb5 39. Rb7 c4 40.
Bxc4 Rb1+ 41. Kf2 Nxa3 42. Rxb1 Nxb1 43. Bb5 Nd2 44. Ke3 Nb3 45. e5 Kf8 46. Kd3
Nc5+ 47. Kd4 Nb7 48. g4 g5 49. Bc6 Nd8 50. Be4 h6 51. f4 Ke7 52. fxg5 hxg5 53.
Ke3 f6 54. exf6+ Kxf6 55. Kf3 Nf7 56. Kg3 Ne5 57. h4 gxh4+ 58. Kxh4 Nxg4 59.
Kxg4 1/2-1/2